Statystyki dla QUIZ KRAJE AFRYKI

Kliknij tutaj aby rozwiązać quiz!

Ogólne statystyki

  • Ten quiz został rozwiązany 25 razy
  • Średni wynik to 29 z 54

Statystyki odpowiedzi

ILEODPOWIEDŹ% Poprawnych
4EGIPT
89%
9NIGER
89%
12NIGERIA
89%
27NIGERIA
89%
22MAROKO
79%
7SUDAN
79%
31SUDAN POŁUDNIOWY
79%
1ALGIERIA
74%
47ANGOLA
74%
52RPA
74%
3TUNEZJA
74%
48MADAGASKAR
68%
8CZAD
63%
2LIBIA
63%
44ZAMBIA
63%
14ETIOPIA
58%
37GWINEA RÓWNIKOWA
58%
34KONGO
58%
21LIBERIA
58%
15SOMALIA
58%
41TANZANIA
58%
30UGANDA
58%
26BENIN
53%
17GAMBIA
53%
24GHANA
53%
18GWINEA BISSAU
53%
28KAMERUN
53%
46NAMIBIA
53%
50SESZELE
53%
45ZIMBABWE
53%
6ERYTREA
47%
38GABON
47%
32KENIA
47%
49KOMORY
47%
53LESOTHO
47%
10MALI
47%
13MALI
47%
16SENEGAL
47%
19BURKINA FASO
42%
5DŻIBUTI
42%
42MALAWI
42%
51MAURITIUS
42%
43MOZAMBIK
42%
39RWANDA
42%
25TOGO
42%
40BURUNDI
37%
54ESWATINI
37%
11MAURETANIA
37%
36REPUBLIKA ZIELONEGO PRZYLĄDKA
37%
33DRK
32%
20SIERRA LEONE
32%
23WKS
32%
35WYSPY ŚWIĘTEGO TOMASZA
26%
29RŚA
21%

Rozkład punktacji

Percentyl według liczby udzielonych odpowiedzi

Procent ludzi z każdym wynikiem

Twoja historia wyników

Nie rozwiązałeś tego quizu